| 000 | 00531nam a22001937a 4500 | ||
|---|---|---|---|
| 003 | OSt | ||
| 005 | 20151130192021.0 | ||
| 008 | 151130b xxu||||| |||| 00| 0 eng d | ||
| 020 | _a0415177545 | ||
| 040 | _cDDC. | ||
| 082 | _a370 OTT1953. | ||
| 100 |
_aOTTAWAY.A.C. _96431 |
||
| 245 |
_aEducation and Society. _bAn Introduction to the Socialogy of Education. |
||
| 260 |
_aLondon. _bRoutledge. _c1953 |
||
| 300 |
_axii,128p; _bill: _c23cm. |
||
| 504 | _aBibliography and Index. | ||
| 650 |
_aEducation. _91404 |
||
| 942 |
_2ddc _cSLOAN |
||
| 999 |
_c2770 _d2770 |
||